[Event "Belgrade Serbia op"]
[Site "Belgrade"]
[Date "2023.07.17"]
[Round "2"]
[White "Baiture, Temirlan"]
[Black "Pantovic, Dragan M"]
[Result "1-0"]
[WhiteElo "1814"]
[BlackElo "2057"]
[PlyCount "34"]
[EventDate "2023.07.16"]
[EventType "swiss"]
[EventRounds "9"]
[EventCountry "SRB"]
[SourceTitle "CBM 215 Extra"]
[Source "ChessBase"]
[SourceDate "2023.09.30"]
[SourceVersion "1"]
[SourceVersionDate "2023.09.30"]
[SourceQuality "1"]

1. d4 f5 2. Nf3 Nf6 3. c4 g6 4. g3 Bg7 5. Bg2 0-0 6. 0-0 d6 7. Nc3 c6 8. Qc2 Na6 9. a3 Qc7 10. Rd1 e5 11. dxe5 dxe5 12. b4 Be6 13. c5 h6 14. Rd6 Rfe8 15. Nh4 Qf7 16. e4 fxe4 17. Nxe4 Nxc5 1-0

[Event "Aktobe U14 op"]
[Site "Aqtobe"]
[Date "2022.06.18"]
[Round "6"]
[White "Baiture, Temirlan"]
[Black "Kaliakhmet, Elsultan"]
[Result "1/2-1/2"]
[WhiteElo "1409"]
[BlackElo "1446"]
[PlyCount "106"]
[EventDate "2022.06.14"]
[EventType "swiss"]
[EventRounds "9"]
[EventCountry "KAZ"]
[SourceTitle "EXT 2023"]
[Source "ChessBase"]
[SourceDate "2022.10.05"]
[SourceVersion "1"]
[SourceVersionDate "2022.10.05"]
[SourceQuality "1"]

1. d4 Nf6 2. Nf3 d5 3. c4 e6 4. Nc3 b6 5. cxd5 exd5 6. Bg5 Be7 7. e3 0-0 8. Bd3 h6 9. Bh4 Bb7 10. 0-0 Nbd7 11. Rc1 c5 12. Re1 Ne4 13. Bxe7 Qxe7 14. Nd2 f5 15. Bxe4 fxe4 16. Nf1 cxd4 17. exd4 Qf6 18. Qd2 Rf7 19. Ne3 Qg5 20. Nb5 Nf6 21. Nd6 Rd7 22. Nxb7 Rxb7 23. Nf1 Qg6 24. Rc6 Rf8 25. Ne3 Rbf7 26. Nxd5 Qf5 27. Nxf6+ Rxf6 28. Rxf6 Rxf6 29. Qe3 Rc6 30. h3 Qd5 31. Qxe4 Qxe4 32. Rxe4 Rc1+ 33. Kh2 Rc2 34. Re7 Rxb2 35. Rxa7 Rxf2 36. Ra6 Rd2 37. Rxb6 Rxd4 38. Rb1 Ra4 39. Ra1 Ra3 40. Kg1 Kf7 41. Kf2 Ke6 42. g3 Kd5 43. Kg2 g6 44. h4 h5 45. Kh3 Ke4 46. Re1+ Kf5 47. Rf1+ Ke5 48. Rf2 Ke6 49. Kg2 Ke5 50. Rb2 Kf5 51. Rb5+ Kf6 52. Rb6+ Kf5 53. Rb5+ Kf6 1/2-1/2